Darkest Dungeon hero classes - Statistics

General Stats
  • This quiz has been taken 83 times
  • The average score is 15 of 18
Answer Stats
Hero Classes % Correct
Crusader
99%
Plague Doctor
96%
Highwayman
92%
Abomination
90%
Jester
90%
Leper
90%
Occultist
90%
Man-at-Arms
89%
Houndmaster
88%
Vestal
86%
Arbalest
81%
Bounty Hunter
81%
Flagellant
81%
Grave Robber
81%
Hellion
81%
Antiquarian
78%
Shieldbreaker
78%
Musketeer
74%
No matching quizzes found
Score Distribution
Percent of People with Each Score
Percentile by Number Answered
Your Score History
You have not taken this quiz